| 000 | 00628nam a2200217 i 4500 | ||
|---|---|---|---|
| 001 | 147432 | ||
| 003 | ES-MaACL | ||
| 005 | 20260525062934.0 | ||
| 007 | t| | ||
| 008 | 071001s1956 sp ||||1| spa d | ||
| 080 | _a821.134.2-32"19" | ||
| 100 | 1 |
_aUnamuno, Miguel de, _d1864-1936 _9111982 |
|
| 245 | 1 | 0 |
_aSan Manuel Bueno, mártir, y tres historias más / _cMiguel de Unamuno. |
| 250 | _a4ª ed. | ||
| 260 |
_aMadrid : _bEspasa-Calpe, _c1956. |
||
| 300 |
_a160 p. ; _c18 cm. |
||
| 490 | 1 |
_aColección austral ; _v254 |
|
| 830 | 1 |
_aColección austral _v254 _9177655 |
|
| 852 | 4 |
_aES-MaACL _jC-11644 |
|
| 999 |
_c147432 _d147432 |
||